000 00232nam a22001217a 4500
040 _cSK
082 _a574
100 _aDAVID L
245 _aPrinciples of biochemistry
260 _aDAMAGE
_bDAV
_cNA
300 _a482p.
942 _cEK
999 _c8585
_d8585